Kuantan district, Pahang

Bibliographic Details
Main Author: CHONG
Format: Book
Published: Kuala Lumpur : Forest Research Institute, Forest Department , 1966
Subjects:

MARC

LEADER 00000cam a2200000 7i4500
001 0000001879
005 20020314.0
090 0 0 |a 634.9285   |b CHO 1966 
100 1 0 |a CHONG   |h Peng Wah 
245 1 0 |a Kuantan district, Pahang   |c by Chong Peng Wah 
260 0 0 |a Kuala Lumpur :   |b Forest Research Institute, Forest Department ,   |c 1966 
300 |a 1v. (various pagings) :   |b maps (2 folded in pocket) ;   |c 33 cm. 
500 0 0 |a Forest resources reconnaissance survey of Malaya report; no. 4 
650 0 0 |a Forest surveys   |z Malaysia   |z Perak 
650 0 0 |a Forests and forestry   |x Mensuration 
650 0 0 |a Surveys 
998 |a JPSM 
999 |a 0000002975   |b Monograph   |c Open Shelf   |e Default branch